MARC

Tag First Indicator Second Indicator Subfields
LEADER 00000cam a2200000 a 4500
001 in00000073029
005 20230724142512.0
008 831004s1980 enk br 000 0 eng
010 |a  83209522  
015 |a GB8327107  |2 bnb 
016 7 |a 009538938  |2 Uk 
019 |a 8180962 
020 |a 0852782365  |q (pbk.) 
020 |a 9780852782361  |q (pbk.) 
029 1 |a AU@  |b 000002797715 
029 1 |a HR0  |b 0852782365 
029 1 |a NLGGC  |b 822756536 
029 1 |a NZ1  |b 4052250 
029 1 |a UKBCI  |b 019696795 
029 1 |a UKBNS  |b 019696795 
029 1 |a UKBRU  |b 0884388 
029 1 |a UKDEL  |b 019696795 
029 1 |a UKSCO  |b 019696795 
029 1 |a UKSGC  |b 019696795 
029 1 |a UKSOM  |b 019696795 
029 1 |a UNITY  |b 019696795 
035 |a (OCoLC)ocm15132168  
035 |a (OCoLC)15132168  |z (OCoLC)8180962 
035 |a (OCoLC)ocm15132168  
040 |a DLC  |b eng  |c DLC  |d UIU  |d OCL  |d UKM  |d AU@  |d NLE  |d UBY  |d UKSCO  |d OCLCO  |d OCLCF  |d OCLCQ  |d OCLCO  |d UKMGB  |d OCLCQ  |d DHA  |d OCLCQ  |d OCLCO  |d OCLCQ  |d GZM  |d OCLCA  |d UKUOY  |d OCLCQ  |d OCLCO 
043 |a e-uk--- 
050 0 0 |a Z2023  |b .M88 1980  |a DA1 
050 1 4 |a CD1043  |b .M67x 
082 0 0 |a 015.411/053  |2 19 
082 0 4 |a 354.410071/46  |2 19 
100 1 |a Morton, Ann. 
245 1 0 |a British National Archives and the local historian :  |b a guide to official record publications /  |c part 1 by Ann Morton ; part 2 by Gordon Donaldson. 
260 |a London :  |b Historical Association,  |c ©1980. 
300 |a 52 pages ;  |c 21 cm. 
336 |a text  |b txt  |2 rdacontent 
337 |a unmediated  |b n  |2 rdamedia 
338 |a volume  |b nc  |2 rdacarrier 
490 1 |a Helps for students of history ;  |v 88 
504 |a Includes bibliographical references (pages 33-41). 
505 0 |a pt. 1 Public Record Office publications / by Ann Mprton -- pt. 2. Scottish Record Office publications / by Gordon Donaldson. 
530 |a Also issued online. 
610 1 0 |a Great Britain.  |b Public Record Office  |v Directories. 
651 0 |a Great Britain  |x History, Local  |x Archival resources  |v Directories. 
610 1 4 |a Great Britain.  |b Public Record Office  |x Bibliography. 
610 1 7 |a Great Britain.  |b Public Record Office.  |2 fast  |0 (OCoLC)fst00549706 
650 7 |a Archival resources.  |2 fast  |0 (OCoLC)fst00814016 
651 7 |a Great Britain.  |2 fast  |0 (OCoLC)fst01204623 
653 |a Great Britain  |a Public Record Office  |a Publications  |a For local history 
653 |a Great Britain  |a Scottish Record Office  |a Publications  |a For local history 
655 7 |a Directories.  |2 fast  |0 (OCoLC)fst01423796 
655 7 |a Local history.  |2 fast  |0 (OCoLC)fst01411631 
700 1 |a Donaldson, Gordon. 
776 0 8 |i Online version:  |a Morton, Ann.  |t British National Archives and the local historian.  |d London : Historical Association, ©1980  |w (OCoLC)558401079 
830 0 |a Helps for students of history ;  |v 88. 
948 |h HELD BY TXA - 96 OTHER HOLDINGS 
994 |a Z0  |b TXA 
999 f f |s 9078e5e7-1b0c-38a4-8bea-ffb24b204f33  |i 4b4eff9d-80c8-3999-9bc1-fa7faf0da10a  |t 0 
952 f f |p ric  |a Texas A&M University  |b Rellis Campus  |c Joint Library Facility  |s JLF  |d Remote Storage  |t 0  |e Z2009 .M6  |h Library of Congress classification  |i unmediated -- volume  |m A14806264049